BIOCHEMISTRY & CLINICAL PATHOLOGY (Record no. 18480)
[ view plain ]
| 000 -LEADER | |
|---|---|
| fixed length control field | 00296nam a22001337a 4500 |
| 003 - CONTROL NUMBER IDENTIFIER | |
| control field | SGT |
| 020 ## - INTERNATIONAL STANDARD BOOK NUMBER | |
| International Standard Book Number | 9789388756037 |
| 082 ## - DEWEY DECIMAL CLASSIFICATION NUMBER | |
| Classification number | 612.015 |
| Item number | P19K |
| 100 ## - MAIN ENTRY--PERSONAL NAME | |
| Personal name | KUMAR, MANISH |
| 245 ## - TITLE STATEMENT | |
| Title | BIOCHEMISTRY & CLINICAL PATHOLOGY |
| 260 ## - PUBLICATION, DISTRIBUTION, ETC. (IMPRINT) | |
| Name of publisher, distributor, etc | R NARAIN PUBLISHER |
| Year of Publication | 2019 |
| 300 ## - PAGE DESCRIPTION | |
| No. of Pages | 120 |
| 942 ## - ADDED ENTRY ELEMENTS (KOHA) | |
| Source of classification or shelving scheme | Dewey Decimal Classification |
| Koha item type | Books |
| Withdrawn status | Lost status | Source of classification or shelving scheme | Damaged status | Not for loan | Collection code | Home library | Current library | Shelving location | Date acquired | Cost, normal purchase price | SGTU | Total Checkouts | Full call number | Accession No. (Barcode) | Date last seen | Bill Date | Koha item type |
|---|---|---|---|---|---|---|---|---|---|---|---|---|---|---|---|---|---|
| Dewey Decimal Classification | PHARMACY | SGT FA-FP Library | SGT FA-FP Library | Text Book | 12/07/2019 | 100.00 | SGTU | 612.015 P19K | FP3382 | 12/07/2019 | 12/07/2019 | Books |